Computability, an introduction to recursive function theory /
Guardado en:
| Autor Principal: | |
|---|---|
| Formato: | Libro |
| Idioma: | English |
| Publicado: |
Cambridge [Eng.] ; New York :
Cambridge University Press,
1980.
|
| Materias: | |
| Acceso en línea: | Publisher description Table of contents |
| Etiquetas: |
Agregar Etiqueta
Sin Etiquetas, Sea el primero en etiquetar este registro!
|
| LEADER | 00909pam a2200253 a 4500 | ||
|---|---|---|---|
| 001 | DCC.dcic000271 | ||
| 008 | 790613s1980####enka#####b####001#0#eng## | ||
| 005 | 20151125105007.0 | ||
| 245 | 1 | 0 | |a Computability, an introduction to recursive function theory / |c Nigel Cutland. |
| 260 | |a Cambridge [Eng.] ; |a New York : |b Cambridge University Press, |c 1980. | ||
| 300 | |a x, 251 p. : |b il. ; |c 24 cm. | ||
| 504 | |a Bibliografía: p. [239]-240. | ||
| 500 | |a Includes index. | ||
| 020 | |a 0521294657 (pbk.) | ||
| 100 | 1 | |a Cutland, Nigel. | |
| 082 | 0 | 0 | |a 519.4 |
| 650 | 0 | |a Computable functions. | |
| 650 | 0 | |a Recursion theory. | |
| 010 | |a 79051823 | ||
| 040 | |a DLC |c DLC |d DLC | ||
| 050 | 0 | 0 | |a QA9.59 |b .C87 |
| 856 | 4 | 2 | |3 Publisher description |u http://www.loc.gov/catdir/description/cam022/79051823.html |
| 856 | 4 | 1 | |3 Table of contents |u http://www.loc.gov/catdir/toc/cam029/79051823.html |
| 859 | |a DCIC |b BIB. COMPUTACION |p 1268 | ||
